000 00292nam a2200121Ia 4500
008 190216s9999||||xx |||||||||||||| ||und||
100 _aGeoffrey Chaucer
245 0 _aTroilus And Criseyde
260 _bEveryman`S Reference Library
_c1963
300 _a337p
650 _aPoetry
942 _cBK
999 _c12251
_d12251